Bearsden : the story of a Roman fort /
This accessible account of the discoveries at the Roman fort at Bearsden examines the process of archaeological excavation, the life of the soldiers at the fort based on the results of the excavation as well as material from elsewhere in the Roman Empire.
المؤلف الرئيسي:
التنسيق: كتاب الكتروني
اللغة: English
منشور في:
Oxford :
Archaeopress Publishing Ltd,
[2016]
الموضوعات:
الوصول للمادة أونلاين: Login to view Source
الوسوم: إضافة وسم
رقم الطلب: DA777.7
| LEADER | 01882nam a2200421 i 4500 | ||
|---|---|---|---|
| 001 | EDZ0001647799 | ||
| 003 | StDuBDS | ||
| 005 | 20230412181845.0 | ||
| 006 | m|||||o||d|||||||| | ||
| 007 | cr ||||||||||| | ||
| 008 | 161214t20162016enkab fob 000|0|eng|d | ||
| 020 | |a 9781784914912 (ebook) : |c No price | ||
| 040 | |a StDuBDS |b eng |c StDuBDS |e rda |e pn | ||
| 050 | 4 | |a DA777.7 | |
| 082 | 0 | 4 | |a 936.14 |2 23 |
| 100 | 1 | |a Breeze, David J. |q (David John), |e author. | |
| 245 | 1 | 0 | |a Bearsden : |b the story of a Roman fort / |c David J. Breeze. |
| 264 | 1 | |a Oxford : |b Archaeopress Publishing Ltd, |c [2016] | |
| 264 | 4 | |c ©2016 | |
| 300 | |a 1 online resource : |b illustrations (black and white, and colour), maps (black and white, and colour) | ||
| 336 | |a text |2 rdacontent | ||
| 336 | |a still image |2 rdacontent | ||
| 336 | |a cartographic image |2 rdacontent | ||
| 337 | |a computer |2 rdamedia | ||
| 338 | |a online resource |2 rdacarrier | ||
| 500 | |a Previously issued in print: 2016. | ||
| 504 | |a Includes bibliographical references. | ||
| 520 | 8 | |a This accessible account of the discoveries at the Roman fort at Bearsden examines the process of archaeological excavation, the life of the soldiers at the fort based on the results of the excavation as well as material from elsewhere in the Roman Empire. | |
| 521 | |a Specialized. | ||
| 588 | |a Description based on online resource; title from home page (viewed on March 6, 2017). | ||
| 650 | 0 | |a Excavations (Archaeology) |z Scotland |z Bearsden. | |
| 651 | 0 | |a Bearsden (Scotland) |x Antiquities, Roman. | |
| 651 | 0 | |a Scotland |x Antiquities, Roman. | |
| 776 | 0 | 8 | |i Print version : |z 9781784914905 |
| 856 | 4 | 0 | |3 Archaeopress |u http://library.arce.org:8087/Archaeopress/Products/9781784914905 |
| 942 | |2 lcc |c EBOOK | ||
| 952 | |0 0 |1 0 |4 0 |6 DA07777 |7 1 |9 46221 |a ARCH |b ARCH |d 2023-04-12 |l 0 |o DA777.7 |r 2023-04-12 00:00:00 |w 2023-04-12 |y EBOOK | ||
| 999 | |c 51879 |d 51879 | ||
